The concept of socialism, secularism, democracy & education / (Record no. 4290)
[ view plain ]
| 000 -LEADER | |
|---|---|
| fixed length control field | 00858nam a2200289 a 4500 |
| 001 - CONTROL NUMBER | |
| control field | 4290 |
| 003 - CONTROL NUMBER IDENTIFIER | |
| rucl marc code | BD-RjUL |
| 005 - DATE AND TIME OF LATEST TRANSACTION | |
| control field | 20211208233851.0 |
| 008 - FIXED-LENGTH DATA ELEMENTS--GENERAL INFORMATION | |
| fixed length control field | 131222s1988 ii b 000 0 eng |
| 020 ## - INTERNATIONAL STANDARD BOOK NUMBER | |
| International Standard Book Number | 8185061696 : |
| 035 ## - SYSTEM CONTROL NUMBER | |
| System control number | (BD-RjUL)4325 |
| 040 ## - CATALOGING SOURCE | |
| Original cataloging agency | DLC |
| Transcribing agency | DLC |
| Modifying agency | DLC |
| -- | BD-RjUL |
| Language of cataloging | eng |
| 041 ## - LANGUAGE CODE | |
| Language code of text/sound track or separate title | eng |
| 082 00 - DEWEY DECIMAL CLASSIFICATION NUMBER | |
| Classification number | 370.190954 |
| Edition number | 20 |
| Author mark and year | JHC 1988 |
| 100 1# - MAIN ENTRY--PERSONAL NAME | |
| Personal name | Jha, S. N. |
| Fuller form of name | (Sahitya Nand) |
| 9 (RLIN) | 13592 |
| 245 14 - TITLE STATEMENT | |
| Title | The concept of socialism, secularism, democracy & education / |
| Statement of responsibility, etc. | S.N. Jha. |
| 260 ## - PUBLICATION, DISTRIBUTION, ETC. (IMPRINT) | |
| Place of publication, distribution, etc. | Delhi : |
| Name of publisher, distributor, etc. | Amar Prakashan, |
| Date of publication, distribution, etc. | 1988. |
| 300 ## - PHYSICAL DESCRIPTION | |
| Pagination | vii, 134 p. ; |
| Size | 22 cm. |
| 504 ## - BIBLIOGRAPHY, ETC. NOTE | |
| Bibliography, etc | Bibliography: p. [119]-134. |
| 520 ## - SUMMARY, ETC. | |
| Summary, etc. | Refers to the Indian scene. |
| 650 #0 - SUBJECT ADDED ENTRY--TOPICAL TERM | |
| Topical term or geographic name as entry element | Education |
| Geographic subdivision | India. |
| 9 (RLIN) | 13593 |
| Topical term or geographic name as entry element | Socialism |
| Geographic subdivision | India. |
| 9 (RLIN) | 11697 |
| Topical term or geographic name as entry element | Secularism |
| Geographic subdivision | India. |
| 9 (RLIN) | 13594 |
| 942 ## - ADDED ENTRY ELEMENTS (KOHA) | |
| Source of classification or shelving scheme | Dewey Decimal Classification |
| Koha item type | Books |
| Lost status | Source of classification or shelving scheme | Damaged status | Not for loan | Collection code | Permanent Location | Current Location | Shelving location | Date acquired | Source of acquisition | Cost, normal purchase price | Total Checkouts | Full call number | Date last seen | Copy number | Koha item type |
|---|---|---|---|---|---|---|---|---|---|---|---|---|---|---|---|
| Dewey Decimal Classification | Not For Loan | Non-fiction | Central Library, University of Rajshahi | Central Library, University of Rajshahi | Reading Room | 27/02/1989 | karim int. | 100.00 | 370.199 JHC 1988 | 22/12/2013 | C-1 | Books |